[Event "Grand Slam Final 7th"]
[Site "Bilbao"]
[Date "2014.09.16"]
[Round "3"]
[White "Anand, Viswanathan"]
[Black "Aronian, Levon"]
[Result "1/2-1/2"]
[WhiteElo "2785"]
[BlackElo "2804"]
[Annotator "CB"]
[PlyCount "68"]
[EventDate "2014.09.14"]
[EventType "tourn"]
[EventRounds "6"]
[EventCountry "ESP"]
[EventCategory "21"]
[SourceTitle "CBM 163"]
[Source "ChessBase"]
[SourceDate "2014.11.11"]
[SourceVersion "1"]
[SourceVersionDate "2014.11.11"]
[SourceQuality "1"]

1. e4 e5 2. Nf3 Nc6 3. Bb5 a6 4. Ba4 Nf6 5. O-O Be7 6. d3 b5 7. Bb3 O-O 8. Nc3
d6 9. a3 Na5 10. Ba2 Be6 11. b4 (11. Bxe6 fxe6 12. b4 Nc6 13. Bd2 d5 14. Re1
Qd6 15. Na2 $5 {Was Caruana's original, and successful, attempt against
Aronian in the Sinquefield Cup. Anand must have his own ideas, and Aronian
surely had an improvement ready.}) 11... Bxa2 12. Rxa2 Nc6 13. Bg5 Qd7 14. Bxf6
Bxf6 15. Nd5 Bd8 16. a4 Ne7 17. Ne3 Rb8 {Black in these kinds of positions is
not fighting for any kind of advantage. He is happy having a solid position
and simplifying into a draw. Aronian does this masterfully in this game.} 18.
axb5 axb5 19. c3 Qe6 20. Qb1 d5 21. exd5 Nxd5 22. Nxd5 Qxd5 23. Re1 Bf6 24.
Rae2 c5 25. Nxe5 (25. Rxe5 Bxe5 26. Rxe5 Qa8 27. bxc5 Qa3 {is not really that
dangerous. White is far from advancing his pawns and Black's counterplay is
good.}) 25... cxb4 26. Qxb4 Bxe5 27. Rxe5 Qxd3 {White has a symbolic advantage.
The game is basically over.} 28. h3 h6 29. R1e3 Qd1+ 30. Re1 Qa4 31. Rb1 Qxb4
32. Rxb4 Rfc8 33. Rbxb5 Rxb5 34. Rxb5 Rxc3 {Aronian makes a very solid draw,
though one has to wonder if maybe Anand is saving his best prep for his W orld
Championship match.} 1/2-1/2

[Event "London Classic 7th"]
[Site "London"]
[Date "2015.12.04"]
[Round "1"]
[White "Caruana, Fabiano"]
[Black "Aronian, Levon"]
[Result "1/2-1/2"]
[WhiteElo "2787"]
[BlackElo "2781"]
[Annotator "CB"]
[PlyCount "101"]
[EventDate "2015.12.04"]
[EventType "tourn"]
[EventRounds "9"]
[EventCountry "ENG"]
[EventCategory "22"]
[SourceTitle "CBM 170"]
[Source "ChessBase"]
[SourceDate "2016.01.15"]
[SourceVersion "1"]
[SourceVersionDate "2016.01.15"]
[SourceQuality "1"]
[TimeControl "7200+1690"]
[WhiteClock "0:59:23"]
[BlackClock "1:03:03"]

1. e4 e5 2. Nf3 Nc6 3. Bb5 a6 4. Ba4 Nf6 5. O-O Be7 6. d3 b5 7. Bb3 O-O 8. Nc3
d6 9. a3 Na5 10. Ba2 Be6 11. d4 {weicht von ihrer Begenung in St. Louis 2014
ab, wo Caruana beginnend mit 15.Sa2 eine sensationelle Partie ablieferte.} (11.
Bxe6 fxe6 12. b4 Nc6 13. Bd2 d5 14. Re1 Qd6 15. Na2 Nd7 16. Qe2 d4 17. Reb1 Nb6
18. Nc1 Na4 19. Nb3 Rf7 20. Rc1 Rd8 21. Ng5 Rf6 22. Qh5 h6 23. Nf3 Rdf8 24. Rf1
R8f7 25. Rae1 Bf8 26. h3 g6 27. Qh4 Qe7 28. Qg3 Bg7 29. Na5 Nxa5 30. Nxe5 Nb7
31. Nxg6 Qd8 32. e5 Rf5 33. f4 c5 34. Nh4 Rh5 35. Nf3 Kh7 36. Qg4 Rhf5 37. Nh4
Kh8 38. Nxf5 Rxf5 39. Qg6 Qe7 40. g4 Rf8 41. f5 Qe8 42. Qxe8 Rxe8 43. f6 Bf8
44. f7 Re7 45. Rf6 Nb6 46. Bxh6 Nd7 47. Ref1 cxb4 48. axb4 Bxh6 49. Rxh6+ Kg7
50. Rh5 {1-0 (50) Caruana,F (2801)-Aronian,L (2805) Saint Louis 2014 CBM 162 
[Havasi,G]}) 11... Bxa2 12. Rxa2 Nc6 13. d5 Nb8 14. Be3 Qc8 15. Qe2 Nbd7 16.
Rd1 Qb7 17. Raa1 Rfc8 18. h3 Rab8 {Schwarz hat letztlich nur den Hebel ...c6
als Plan, dies würde seine weißen Felder jedoch sehr schwächen.} 19. Nh2 h5 {
verhindert Sg4 radikal, schwächt jedoch das Feld g5 unwiderruflich.} (19... c6
20. dxc6 Qxc6 21. Ng4 h6 {sieht ok aus}) 20. Nf3 (20. Bg5 $5 Nxd5 21. Nxd5 Bxg5
22. Qxh5 Bd8 {sieht vielversprechen für Weiß aus}) 20... Nb6 21. Bg5 g6 22. Na2
c6 23. dxc6 Rxc6 24. Bxf6 Bxf6 25. Nb4 Rc4 26. Nd5 Be7 27. Nxb6 Qxb6 {eine
typische Situation, die man aus der Najdorf Variante kennt. Weiß muss unter
allen Umständen an einer Umgruppierung des Springers nach d5 gehindert werden,
Schwarz steht aktiv genug um dies erreichen.} 28. c3 a5 29. Rd5 Rc5 30. Rad1 b4
31. Rxc5 Qxc5 32. Rd5 Qa7 33. axb4 axb4 34. c4 Rc8 35. b3 Rc5 36. Rxc5 Qxc5 37.
g3 Bd8 38. Qd2 Bb6 39. Kg2 Kg7 40. Ne1 Qc7 41. Nc2 Bc5 42. Ne3 Bxe3 43. Qxe3
Qc6 44. g4 hxg4 45. hxg4 Qc8 46. Kg3 Qc5 47. Qxc5 dxc5 48. g5 Kf8 49. f4 Ke7
50. f5 Kd6 51. f6 1/2-1/2

[Event "German Masters (Women) 1st"]
[Site "Dresden"]
[Date "2014.11.20"]
[Round "4"]
[White "Paehtz, Elisabeth"]
[Black "Osmanodja, Filiz"]
[Result "1-0"]
[WhiteElo "2480"]
[BlackElo "2322"]
[Annotator "CB"]
[PlyCount "77"]
[EventDate "2014.11.17"]
[EventType "tourn"]
[EventRounds "9"]
[EventCountry "GER"]
[EventCategory "4"]
[SourceTitle "CBM 163 Extra"]
[Source "ChessBase"]
[SourceDate "2014.12.23"]
[SourceVersion "1"]
[SourceVersionDate "2014.12.23"]
[SourceQuality "1"]

1. e4 e5 2. Nf3 Nc6 3. Bb5 a6 4. Ba4 Nf6 5. d3 b5 6. Bb3 Be7 7. a4 {auch wenn
es nicht die Hauptfortsetzung ist, wurde dieser Zug noch etliche Male gespielt.
} Bb7 8. Nc3 b4 9. Ne2 (9. Nd5 Na5 {scheint nichts Spezielles für Weiß zu
bringen.}) 9... d5 10. exd5 Nxd5 11. a5 {verhindert Sa5 und a6-a5, außerdem
kann früher oder später der Bauer auf b4 schwach werden.} O-O 12. O-O Qd6 13.
Ng3 f5 14. c4 bxc3 15. bxc3 Kh8 16. Ba3 Qe6 (16... Qd7 {ist die letzte
Vorgängerpartie, die ebenfalls gut für Weiß ausging.} 17. Bxe7 Ndxe7 18. Ng5
Nd5 19. Qh5 h6 20. d4 exd4 21. Rfe1 Nd8 22. Qh4 Nxc3 23. Nh5 c5 24. Nf4 Rf6 25.
Qh5 {1-0 (25) Mrva,M (2410)-Malivanek,J (2180) Pardubice 1996}) 17. Bxe7 Ncxe7
18. Re1 Ng6 19. Nxe5 $1 {Elisabeth spielt konsequent auf den Bauer e5 und hat
ihr Ziel erreicht diesen zu eliminieren.} Nxe5 20. d4 Qc6 21. Rxe5 Nxc3 22. Qf1
(22. d5 {Elisabeth stellte nach der Partie fest (vermutlich auch schon
während der Partie, dass dies die korrekte Fortsetzung der Partie gewesen
wäre.}) 22... f4 23. Nf5 Rab8 (23... f3 24. g4 Ne2+ 25. Kh1 Qf6 {nicht
einfach zu finden, doch hätte diese Zugfolge Schwarz einen leichten Vorteil
eingebracht.}) 24. Nh4 {"Das war mein letzter Fehler der Partie" verriet
Elisabeth beim heutigen Frühstück, das bedeutet auch, dass das die letzte
Chance war für Filiz die Initiative zu ergreifen.} Qh6 (24... Qf6 25. Qd3 Qxh4
26. Qxc3 f3 27. Qe3 {Zugumstellung zur Partie.}) 25. Qd3 Qxh4 26. Qxc3 f3 27.
Qe3 h6 28. Be6 fxg2 29. d5 Bc8 30. Re1 Rb2 (30... Rb3 $1 {eine der letzten
Chancen das Remis zu sichern.}) 31. Re2 (31. Bxc8 Rxc8 32. Re4 Qh5 33. Re8+
Rxe8 34. Qxe8+ Qxe8 35. Rxe8+ {mit einem leicht besseren Endspiel für Weiß})
31... Qc4 32. Kxg2 Bxe6 33. dxe6 Qg4+ 34. Kf1 Rxe2 $6 {ab hier wird es quasi
unmöglich für Filiz das Remis bei kaum vorhandener Zeit zu halten.} (34...
Rb1+ 35. Re1 Rxe1+ 36. Qxe1 Qh3+ 37. Kg1 Qg4+ $11) 35. Qxe2 Qh3+ 36. Kg1 Rf6
37. Kh1 Rg6 38. f3 Qh4 39. e7 1-0

[Event "POL-HUN m"]
[Site "Katowice"]
[Date "2016.05.03"]
[Round "1.2"]
[White "Bartel, Mateusz"]
[Black "Gledura, Benjamin"]
[Result "0-1"]
[WhiteElo "2653"]
[BlackElo "2557"]
[Annotator "CB"]
[PlyCount "70"]
[EventDate "2016.05.03"]
[EventType "team-schev"]
[EventRounds "4"]
[EventCountry "POL"]
[SourceTitle "CBM 172 Extra"]
[Source "ChessBase"]
[SourceDate "2016.06.21"]
[SourceVersion "1"]
[SourceVersionDate "2016.06.21"]
[SourceQuality "1"]
[WhiteTeam "Poland"]
[BlackTeam "Hungary"]
[WhiteTeamCountry "POL"]
[BlackTeamCountry "HUN"]
[TimeControl "6000+1025"]
[WhiteClock "0:18:56"]
[BlackClock "0:02:09"]

1. e4 e5 2. Nf3 Nc6 3. Bb5 a6 4. Ba4 Nf6 5. d3 b5 6. Bb3 Be7 7. Nc3 d6 8. a3
O-O 9. Be3 Na5 10. Ba2 Be6 11. Bxe6 fxe6 12. Ne2 c5 13. Ng3 Nc6 14. O-O Qd7 15.
a4 d5 16. axb5 axb5 17. Rxa8 Rxa8 18. exd5 exd5 19. Re1 Rf8 20. Bd2 Bd6 21. c4
bxc4 22. dxc4 dxc4 23. Qa4 Nd4 24. Qxc4+ Kh8 25. Nxe5 Bxe5 26. Qxc5 $2 (26.
Rxe5 Nf3+ 27. gxf3 Qxd2 28. b3 $16) 26... Rd8 27. Ba5 (27. Qxe5 Nc6 {[%cal
Gd7d2]}) 27... Ra8 28. Rxe5 Nc6 {und plötzlich ist Material weg} 29. Be1 $2 (
29. b4 $142 Nxe5 30. Qxe5 Qd1+ 31. Nf1 Re8 32. Qb5 {und Weiß kann noch kämpfen}
) 29... Nxe5 30. Qxe5 Re8 31. Qc3 Qd1 32. Kf1 Ng4 33. f3 Ne3+ 34. Kf2 Qb1 35.
Qb4 Nc2 0-1

[Event "Grenke Chess Classic 1st"]
[Site "Baden-Baden"]
[Date "2013.02.13"]
[Round "6"]
[White "Anand, Viswanathan"]
[Black "Adams, Michael"]
[Result "1/2-1/2"]
[WhiteElo "2780"]
[BlackElo "2725"]
[Annotator "CB"]
[PlyCount "81"]
[EventDate "2013.02.07"]
[EventType "tourn"]
[EventRounds "10"]
[EventCountry "GER"]
[EventCategory "19"]
[SourceTitle "CBM 153"]
[Source "ChessBase"]
[SourceDate "2013.03.14"]
[SourceVersion "1"]
[SourceVersionDate "2013.03.14"]
[SourceQuality "1"]

1. e4 e5 2. Nf3 Nc6 3. Bb5 a6 4. Ba4 Nf6 5. O-O Be7 6. d3 b5 7. Bb3 d6 8. a3
O-O 9. Nc3 Na5 10. Ba2 c5 11. Nd5 Nxd5 12. Bxd5 Bb7 13. b4 Bxd5 14. exd5 Nb7
15. c3 Qc7 16. Re1 f5 17. Bg5 Rae8 18. a4 cxb4 19. cxb4 Bxg5 20. Nxg5 Nd8 21.
axb5 axb5 22. Qd2 $6 {commented: "Usually when you make sophisticated moves
like this it means you've lost track somewhere" (the blunt 22.Rc1 may be
better). After that Adams equalised with energetic play in the centre, where
he pushed his e-pawn...} h6 23. Nf3 Qf7 24. Qa2 Qf6 25. Nd2 Nf7 26. Qa6 e4 27.
dxe4 fxe4 28. Qxb5 e3 29. fxe3 Rxe3 $1 {Nice geometric move.} 30. Qb6 (30. Rxe3
Qxa1+ 31. Qf1 Qa7 32. Qe2 $11) 30... Rxe1+ 31. Rxe1 Qc3 32. Qe3 Qxb4 33. Nf3
Qc5 34. Qxc5 dxc5 35. Re7 ({After} 35. Rc1 Rc8 36. Nd4 Nd6 37. Nc6 {Black has
the only move} Ra8 {to equalise, as} 38. Rxc5 Ra1+ $1 39. Kf2 Ne4+ {loses a
rook.}) 35... Rd8 36. Ne5 Nxe5 37. Rxe5 Kf7 38. d6 c4 39. Re7+ ({Adams:} 39.
Rc5 {immediately was no good because we have to wait to move 40 to offer a
draw!}) 39... Kf6 40. Rc7 Rxd6 41. Rxc4 1/2-1/2

[Event "Tbilisi FIDE GP"]
[Site "Tbilisi"]
[Date "2015.02.23"]
[Round "8"]
[White "Dominguez Perez, Leinier"]
[Black "Jakovenko, Dmitrij"]
[Result "1/2-1/2"]
[WhiteElo "2726"]
[BlackElo "2733"]
[Annotator "CB"]
[PlyCount "67"]
[EventDate "2015.02.15"]
[EventType "tourn"]
[EventRounds "11"]
[EventCountry "GEO"]
[EventCategory "20"]
[SourceTitle "CBM 165"]
[Source "ChessBase"]
[SourceDate "2015.03.11"]
[SourceVersion "1"]
[SourceVersionDate "2015.03.11"]
[SourceQuality "1"]

1. e4 e5 2. Nf3 Nc6 3. Bb5 Nf6 4. d3 d6 5. O-O Be7 6. c3 O-O 7. Nbd2 a6 8. Ba4
b5 9. Bc2 d5 10. Re1 dxe4 11. dxe4 Be6 12. Qe2 Nd7 13. b4 Nb6 14. a4 Nxa4 15.
Bxa4 bxa4 16. Rxa4 Qc8 17. Bb2 f6 18. Rea1 Nb8 19. b5 Qb7 20. Bc1 Nd7 21. Rxa6
Rxa6 22. Rxa6 Nc5 23. Ba3 Bf7 24. Rc6 Qa7 25. Bb4 Rb8 26. c4 $2 {Actaually it
would have been better to pass than play this move; Dominguez forgets that the
reason that Black cannot go Be8 is thanks to Qc4+.} (26. Nh4 $1 g6 27. h3 $16 {
provoking the weakness on f6 is important as Bxc5 becomes a threat in several
lines.}) 26... Be8 $1 {White's rook is in some problems since White doesn't
have Qc4+ any more.} 27. Bxc5 Bxc5 28. Ra6 Qb7 29. Nb3 {Now Black's pair of
bishops give him very real chances to hold on.} Bb4 30. Ne1 c6 31. Nd3 cxb5 $1
{Nice. The calculation for this is simple and it forces the draw.} 32. Nxb4
bxc4 33. Qxc4+ Bf7 {White's up a piece, but obviously that will not be true
for long.} 34. Nd5 (34. Nd5 Bxd5 35. Qxd5+ Qxd5 36. exd5 Rxb3 $11) 1/2-1/2

[Event "Asia Classical 15th"]
[Site "Doha"]
[Date "2006.12.12"]
[Round "7"]
[White "Al Modiahki, Mohamad"]
[Black "Sadvakasov, Darmen"]
[Result "0-1"]
[WhiteElo "2550"]
[BlackElo "2596"]
[Annotator "CB"]
[PlyCount "66"]
[EventDate "2006.12.06"]
[EventType "swiss"]
[EventRounds "9"]
[EventCountry "QAT"]
[SourceTitle "CBM 115 Extra"]
[Source "ChessBase"]
[SourceDate "2007.01.10"]
[SourceVersion "1"]
[SourceVersionDate "2007.01.10"]
[SourceQuality "1"]

{Darmen Sadvakasov (KAZ) caused great distress in Doha when he put 2-0 on the
scoreboard in the Kazakhstan-Qatar match by beating Mohammed Al Medaihki in a
well-played game. Much earlier, Mohammed Al Sayed (QAT) had gone down in a
mere 19 moves with black from a Queen's Indian against rapid chess gold
medalist Murtas Kazhgeleyev (KAZ).} 1. e4 e5 2. Nf3 Nc6 3. Bb5 a6 4. Ba4 Nf6 5.
d3 {Al Mediahki choses a sideline to avoid a theorical discussion in more
thipical variations of the Ruy Lopez opening.} d6 6. c3 g6 7. Nbd2 Bg7 8. Nf1
O-O 9. Bg5 h6 10. Bh4 b5 11. Bc2 Bb7 12. Ne3 Nb8 {Black wants to redeploy the
knight to d7 where it does not block the bishop's diagonal.} 13. g4 {This
aggre sive move is probably new in this position. In a 1981 game between
philippine granmasters Balinas and Torre, white played 13.Qe2 followed by 14.
O-O-O, which is safer though while lost that game too.} Nbd7 14. g5 $6 {
Too optimistic.} hxg5 15. Nxg5 $2 {Al Medihaki wants to bring his pieces
closer to the black king, but he should have paid more attention to the center
of the board. Preferable was 15.Bg5 with approximately equal chances.} d5 {
With this counter thrust Sadvakasov takes over the initiative, He does not
have to be afraid of 16.exd5 as the king on f6 is no longer pinned.} 16. Qe2 c5
17. Rg1 $2 {It is understandable that white is reluctant to open the position
with his king still in the center, but even so he should have played} (17. exd5
Nxd5 18. Nxd5 Bxd5 19. Rg1 {followed by castling queenside. In the game he
will never get the chance to castel.}) 17... d4 18. Ng4 dxc3 19. bxc3 Qa5 20.
Kf1 $6 {White positin is already very bad. Nevertheless he should have tried
to organise a defence with 20.Nxf6+ Nxf6 21.Qd2 Rad8 22.c4 Qa3 23. Rb1.} Nxg4
21. Qxg4 Nf6 22. Qf3 Qxc3 23. Rc1 Nh5 {White attaking plan has failed
miserably. His aggression has only caused weaknesses in his position. The
Black knight aims for f4 to unleash a counter attack on the white king.} 24.
Kg2 Nf4+ 25. Kh1 c4 26. Bg3 {Diagram #} f6 27. Nh7 $5 f5 {Though there is
nothing wrong with 27...Kxh7, Sadvakasov ignores the offered knight and
continues with hos plan.} 28. Bb1 Qa3 29. Bxf4 Bxe4 $1 {Wins the queen because
the d pawn is pinned.} 30. Qxe4 fxe4 31. Nxf8 Qxf8 32. Be3 Qf3+ 33. Rg2 exd3 {
White resignes.} 0-1

[Event "EU-ch 16th"]
[Site "Jerusalem"]
[Date "2015.02.27"]
[Round "4"]
[White "Klein, David"]
[Black "Howell, David"]
[Result "0-1"]
[WhiteElo "2505"]
[BlackElo "2663"]
[Annotator "CB"]
[PlyCount "58"]
[EventDate "2015.02.24"]
[EventType "swiss"]
[EventRounds "11"]
[EventCountry "ISR"]
[SourceTitle "CBM 166"]
[Source "ChessBase"]
[SourceDate "2015.05.11"]
[SourceVersion "1"]
[SourceVersionDate "2015.05.11"]
[SourceQuality "1"]

1. e4 e5 2. Nf3 Nc6 3. Bb5 a6 4. Ba4 Nf6 5. d3 {Varianten mit d3 sind zur
Vermeidung der Marshall-Variante derzeit sehr populär.} d6 6. c3 g6 {
Statistisch ist dies die beste Variante nach dem zahmen weißen Aufbau.} 7.
Nbd2 Bg7 8. Nf1 {Das Standardmanöver im Spanier.} ({Nach erst} 8. O-O O-O {
gibt es viele Zugumstellung, die in die gleiche Stellung münden.} 9. Re1 b5
10. Bc2 Bb7 11. Nf1 Nb8 12. Ng3 Nbd7 13. d4 Re8 14. a4 c5 15. d5 c4 $11 {
1/2-1/2 (47) Vujosevic,V (2375)-Todorovic,G (2465) Belgrade 1998}) 8... b5 $5 (
{Meist geschieht erst} 8... O-O {mit der Folge} 9. Ng3 b5 10. Bc2 Bb7 (10... d5
) 11. O-O Nb8 12. d4 Nbd7 13. Re1 c5 14. d5 c4 15. h3 Qc7 {1-0 (46) Hou,Y 
(2578) -Feller,S (2526) Cap d'Agde 2008}) 9. Bc2 Nb8 {Nach Art der
Breyervariante. An dieser Stelle ist der Zug sogar eine Neuerung.} 10. Ng3 $6 {
Weiß lässt sich austricksen.} ({Genauer war} 10. d4 {. Wegen des Angriffs
auf e5 muss Schwarz nun reagieren und erreicht nicht den aktiven Aufbau wie in
der Partie.}) 10... c5 11. d4 {Da der c-Bauer durch die schwarze Zugumstellung
schon auf c5 steht, kann Schwarz nun das typische d4-d5 mit Schließung des
Zentrums vermeiden und kommt in der Folge zu aktivem Figurenspiel.} exd4 12.
cxd4 cxd4 13. Nxd4 O-O 14. O-O Re8 15. a4 b4 16. Bf4 Ng4 17. h3 Ne5 18. Bb3 Bb7
19. Qd2 ({Weiß sollte den Springer e5 möglichst schnell vertreiben:} 19. Be3
$5 Z0 {gefolgt von} 20. f4) 19... Nbd7 20. Bg5 (20. Be3 Nc5 $15) 20... Qb6 21.
Be3 (21. a5 Qxd4 $5 (21... Qa7) 22. Qxd4 Nf3+ 23. gxf3 Bxd4 24. Rad1 Ne5 $11)
21... Nc5 {Die beiden Springer stehen stark und schauen sich einige schwache
weiße Felder im weißen Lager an, besonders d3.} 22. a5 Qd8 $1 {Feld h4 ruft.}
23. Qxb4 $2 {Schafft zusätzliche Probleme wegen der Öffnung der b-Linie.} (
23. Bh6 Bxh6 24. Qxh6 Qf6 $15 {ist allerdings auch nicht toll.}) 23... Rb8 24.
Ba2 (24. Bc2 Bxe4 25. Qc3 Bd5 $17) 24... Qh4 25. Qa3 ({Nach} 25. Qd2 Nxe4 26.
Nxe4 Qxe4 (26... Bxe4 27. Rad1 $11) 27. f3 {hat Schwarz die Kombi} Qxe3+ $1 28.
Qxe3 Nxf3+ 29. Qxf3 Bxd4+ 30. Qf2 Bxf2+ 31. Rxf2 d5 $15 {mit Bauerngewinn.}) (
25. Qc3 Rec8 $15) 25... Nxe4 26. Nh1 $2 {Springer in die Ecke kann nicht gut
sein.} ({Die Folgen von} 26. Nxe4 {sind allerdings auch nicht erfreulich:} Qxe4
27. f3 Qd3 $5 {mit anhaltendem Druck. Weiß kann nicht auf d3 nehmen, weil
dann der Sd4 entwurzelt wird:} (27... Qxe3+ 28. Qxe3 Nxf3+ 29. Qxf3 Bxd4+ $15 {
ist die gleiche Abwicklung wie nach 25.Dd2.}) 28. Qxd3 Nxd3 29. Nc2 Rxe3 30.
Nxe3 Bd4 $19) 26... Ng5 {Eine Falle...} 27. f4 $2 {sieht aus wie ein
Figurengewinn, aber...} (27. Bxg5 Qxg5 28. Ng3) 27... Nxh3+ 28. gxh3 Qxh3 29.
fxe5 {Weiß wählt ein Ende mit mit Stil und lässt sich Matt setzten.} (29.
Rf2 Qxh1#) (29. Kf2 Ng4+ 30. Ke1 Nxe3 $19) 29... Qg2# 0-1

[Event "Madrid"]
[Site "Madrid"]
[Date "1994.??.??"]
[Round "5"]
[White "Magem Badals, Jordi"]
[Black "Sokolov, Ivan"]
[Result "0-1"]
[WhiteElo "2505"]
[BlackElo "2650"]
[Annotator "ChessBase"]
[PlyCount "72"]
[EventDate "1994.05.??"]
[EventType "tourn"]
[EventRounds "9"]
[EventCountry "ESP"]
[EventCategory "15"]
[SourceTitle "CBM 041"]
[Source "ChessBase"]
[SourceDate "1994.08.01"]
[SourceVersion "1"]
[SourceVersionDate "1994.08.01"]
[SourceQuality "1"]

1. e4 e5 2. Nf3 Nc6 3. Bb5 a6 4. Ba4 Nf6 5. d3 d6 6. c3 Be7 7. Nbd2 O-O 8. Nf1
b5 9. Bc2 d5 10. Qe2 Be6 11. h3 h6 12. Ng3 Qd7 13. Bb3 a5 14. a4 b4 15. Ba2
Rad8 16. O-O Rfe8 17. Re1 Bf8 18. Bd2 Rb8 19. Be3 Rb7 20. Rad1 bxc3 21. bxc3
Ba3 22. Bc1 Bxc1 23. Rxc1 Qd6 24. exd5 Nxd5 25. Qd2 Rd8 26. d4 exd4 27. cxd4
Rb6 28. Ne4 Qa3 29. Bc4 Qxa4 30. Nc5 Qb4 31. Nxe6 fxe6 32. Rxe6 Nxd4 $2 (32...
Qxd2 33. Nxd2 Nxd4 $15) 33. Qxd4 $1 $18 c5 (33... Rxe6 34. Bxd5 Qxd4 35. Bxe6+
Kf8 36. Nxd4 Rxd4 37. Rxc7 $18) 34. Qe4 Qb2 35. Re1 (35. Re8+ $1 Rxe8 36. Qxe8+
Kh7 37. Rd1 $18) 35... Rbb8 36. Re8+ $138 (36. Bxd5 $1) 36... Rxe8 {As White
played 37.Qxd5+ (+-), his flag felt.} 0-1

[Event "World Women-ch"]
[Site "Jaen"]
[Date "1996.??.??"]
[Round "12"]
[White "Xie, Jun"]
[Black "Polgar, Zsuzsa"]
[Result "1-0"]
[WhiteElo "2530"]
[BlackElo "2550"]
[Annotator "ChessBase"]
[PlyCount "89"]
[EventDate "1996.01.??"]
[EventType "match"]
[EventRounds "16"]
[EventCountry "ESP"]
[SourceTitle "CBM 052"]
[Source "ChessBase"]
[SourceDate "1996.06.01"]
[SourceVersion "1"]
[SourceVersionDate "1996.06.01"]
[SourceQuality "1"]

1. e4 e5 2. Nf3 Nc6 3. Bb5 a6 4. Ba4 Nf6 5. d3 d6 6. c3 Bd7 7. O-O g6 8. Nbd2
Bg7 9. Re1 O-O 10. Nf1 b5 11. Bc2 h6 12. Ne3 Re8 13. a4 Rb8 14. axb5 axb5 15.
h3 Be6 16. d4 exd4 17. cxd4 Bc8 18. Nf1 Nb4 19. Bb1 c5 20. Bd2 Nc6 21. dxc5
dxc5 22. Qc1 Nd4 23. Nxd4 Qxd4 24. e5 Nh7 (24... Rxe5 25. Rxe5 Qxe5 26. Bf4 $18
) 25. Be3 Qc4 26. f4 Qxc1 27. Rxc1 c4 28. Ba7 Rb7 29. Be4 Rbe7 30. Bc5 Re6 31.
Bd5 Ra6 32. Rxa6 Bxa6 33. Ra1 Bxe5 34. Rxa6 Bxb2 35. Rxg6+ Kh8 36. Bxf7 Rc8 37.
Be6 Ra8 38. Ne3 Bg7 39. Nf5 Nf8 40. Bxf8 Bxf8 41. Nxh6 Ra6 42. Nf7+ Kh7 43. Rg3
Bg7 44. Ng5+ Kh8 45. Rg4 1-0